000 00411nam a2200145 i 4500
001 bg
100 1 _aDEMICHOWICZ-PIGONIOWA, Jadwiga
245 0 _aObliczenia fizykochemiczne ; Termodynamika chemiczna i nauka o fazach /
_cJadwiga Demichowicz-Pigoniowa.
260 _aWarszawa,
_c1980.
040 _cBPK
041 _apol
080 _a541.1(075.8)
942 _cKS
008 s pl f |000 0 pol
999 _c19465
_d19465
856 _uhttp://koha.tu.koszalin.pl/cgi-bin/koha/opac-detail.pl?biblionumber=19465
_yKatalog online BPK